Avicenna on theology /

محفوظ في:

المؤلف الرئيسي: Avicenna, 980-1037 (مؤلف)

مؤلفون آخرون: Arberry, A. J. 1905-1969.

التنسيق: كتاب

اللغة: English

منشور في: London : Murray, [1951].

الطبعة: [1st ed.]

سلاسل: The Wisdom of the East series.

الموضوعات:

الوسوم: إضافة وسم

لا توجد وسوم, كن أول من يضع وسما على هذه التسجيلة!

رقم الطلب: B751 .A4 E5 1951

LEADER 00720nam a2200265u 4500
001 478
003 OSt
005 20250914114236.0
008 130303s1951 enk 000 0 eng d
010 |a 51011811 
035 |a rdb03581091 
040 |c ARCE Library 
050 4 |a B751 .A4 E5 1951 
100 0 |a Avicenna,  |d 980-1037,  |e author  |9 25861 
245 1 0 |a Avicenna on theology /   |c Avicenna. 
250 |a [1st ed.] 
264 1 |a London :  |b Murray,  |c [1951]. 
300 |a vi, 82 pages ;  |c 18 cm. 
490 0 |a The Wisdom of the East series. 
500 |a Translated by Arthur J. Arberry. 
650 0 |a Islam. 
700 1 |a Arberry, A. J.  |q (Arthur John),  |d 1905-1969. 
901 |a reviewed 
942 |c BK  |2 lcc 
999 |c 1858  |d 1858